• 首页
  • 本馆介绍
  • 公告通知
  • 最新文献
  • 馆藏检索
  • 电子资源
  • 读者导购
  • 参考咨询
  • 我的图书馆
  • 登录
  • 详细信息显示
  • 放入我的书架
  • 预约/预借图书
  • 作者相关作品
  • 分类相关作品
  • 丛书相关作品
  • 出版社相关作品

书目信息

  • 表格格式
  • 工作单格式
  • 卡片格式
题名:
中外水文与水资源工程专业创新教育
    
 
作者: 宋松柏 , 康艳 , 宋小燕 编著
分册:  
出版信息: 北京   中国水利水电出版社  2017
页数: 205页
开本: 26cm
丛书名:
单 册:
中图分类: P33 , TV22
科图分类:
主题词: 水文学--shui wen xue--教学研究--高等学校 , 水资源开发--shui zi yuan kai fa--水利工程--教学研究--高等学校
电子资源:
ISBN: 978-7-5170-5303-3
000 01352nam0 2200325 450
001 012001003402
005 20140130142527.0
010    @a978-7-5170-5303-3@dCNY56.00
099    @aCAL 012017116598
100    @a20170713d2017 em y0chiy50 ea
101 0  @achi
102    @aCN@b110000
105    @aak a 000yy
106    @ar
200 1  @a中外水文与水资源工程专业创新教育@Azhong wai shui wen yu shui zi yuan gong cheng zhuan ye chuang xin jiao yu@f宋松柏 ... [等] 编著
210    @a北京@c中国水利水电出版社@d2017
215    @a205页@c图@d26cm
300    @a中美水文与水资源工程专业创新人才综合能力培养对比与评估体系研究等资助
304    @a题名页题其余责任者: 康艳, 宋小燕, 隆亚楠, 王小军
320    @a有书目 (第202-205页)
330    @a本书系统地阐述了中国、美国、加拿大、俄罗斯、澳大利亚和英国的水文水资源方向本科高等教育、创新培养和西北农林科技大学的水文与水资源工程专业办学历史。内容主要包括国内外代表性大学水文水资源方向培养方案、教学方法以及典型课程的教学大纲等。
606 0  @a水文学@Ashui wen xue@x教学研究@x高等学校
606 0  @a水资源开发@Ashui zi yuan kai fa@x水利工程@x教学研究@x高等学校
690    @aP33@v4
690    @aTV22@v4
701  0 @a宋松柏@Asong song bai@4编著
701  0 @a康艳@Akang yan@4编著
701  0 @a宋小燕@Asong xiao yan@4编著
801  2 @aCN@b北京卓展@c20191020
905    @b1211507-10@dP33@e161@f4
    
    中外水文与水资源工程专业创新教育/宋松柏 ... [等] 编著.-北京:中国水利水电出版社,2017
    205页:图;26cm
    中美水文与水资源工程专业创新人才综合能力培养对比与评估体系研究等资助
    
    ISBN 978-7-5170-5303-3:CNY56.00
    本书系统地阐述了中国、美国、加拿大、俄罗斯、澳大利亚和英国的水文水资源方向本科高等教育、创新培养和西北农林科技大学的水文与水资源工程专业办学历史。内容主要包括国内外代表性大学水文水资源方向培养方案、教学方法以及典型课程的教学大纲等。
●
相关链接 在E读中查询图书 在五车中查询图书 在当当中查询图书 在豆瓣中查询图书


正题名:中外水文与水资源工程专业创新教育     索取号:P33/161         预约/预借

序号 登录号 条形码 馆藏地/架位号 状态 备注
1 1211507   212115076   第二样本阅览室/ [索取号:P33/161] 在馆    
2 1211508   212115085   第三借阅区/ [索取号:P33/161] 在馆    
3 1211509   212115094   第三借阅区/ [索取号:P33/161] 在馆    
4 1211510   212115101   第三借阅区/ [索取号:P33/161] 在馆    
唐山师范学院图书馆 欢迎您!
大连网信软件有限公司© 版权所有